| 000 -LEADER |
| fixed length control field |
00376nam a2200157Ia 4500 |
| 003 - CONTROL NUMBER IDENTIFIER |
| control field |
MAJU-Karachi |
| 005 - DATE AND TIME OF LATEST TRANSACTION |
| control field |
20221224190227.0 |
| 008 - FIXED-LENGTH DATA ELEMENTS--GENERAL INFORMATION |
| fixed length control field |
190802s9999 xx 000 0 und d |
| 020 ## - INTERNATIONAL STANDARD BOOK NUMBER |
| International Standard Book Number |
978-3-319-43912-9 |
| 040 ## - CATALOGING SOURCE |
| Transcribing agency |
0 |
| 100 ## - MAIN ENTRY--PERSONAL NAME |
| Personal name |
Arslanian Henri |
| 245 #0 - TITLE STATEMENT |
| Title |
Entrepreneurship in Finance |
| 260 ## - PUBLICATION, DISTRIBUTION, ETC. (IMPRINT) |
| Place of publication, distribution, etc |
USA |
| Name of publisher, distributor, etc |
McGraw Hill |
| Date of publication, distribution, etc |
2016 |
| 300 ## - PHYSICAL DESCRIPTION |
| Extent |
261:P |
| 942 ## - ADDED ENTRY ELEMENTS (KOHA) |
| Koha item type |
Books |
| Source of classification or shelving scheme |
|